Statistiques concernant Steven Universe Gem

Cliquez ici pour prendre le quiz!

Statistiques générales

  • Ce quiz a été pris 23 fois
  • Le résultat moyen est 19 sur 84

Statistiques - réponses

Gems and Fusions% Correct
Pearl
95%
Rose Quartz
90%
Amethyst
85%
Blue Diamond
80%
Garnet
80%
Pink Diamond
80%
Ruby
80%
Sapphire
80%
White Diamond
80%
Yellow Diamond
80%
Lapis Lazuli
75%
Peridot
75%
Steven Universe
70%
Jasper
60%
Opal
50%
Smoky Quartz
50%
Obsidian
45%
Aquamarine
40%
Bismuth
40%
Malachite
40%
Rainbow Quartz
40%
Sardonyx
40%
Alexandrite
35%
Topaz
35%
Blue Pearl
30%
Pink Pearl
30%
Spinel
30%
Stevonnie
30%
Sunstone
30%
Yellow Pearl
25%
Emerald
20%
Fluorite
20%
Larimar
15%
Padparadscha
15%
Rainbow Quartz 2.0
15%
Sugilite
15%
Hessonite
10%
Rutile Twins
10%
Skinny Jasper
10%
Snowflake Obsidian
10%
Attacking Zircon
5%
Biggs Jasper
5%
Biggs Jasper
5%
Carnelian
5%
Defending Zircon
5%
Demantoid
5%
Holly Blue Agate
5%
Mean Lapis
5%
Nephrite
5%
Nice Lapis
5%
Pyrope
5%
Rhodonite
5%
Steg
5%
Zebra Jasper (Fusion)
5%
Zebra Jasper (Singular)
5%
Amethyst 8XG
0%
Amethyst 8XJ
0%
Amethyst 8XL
0%
Angel Aura Quartz
0%
Army Ruby
0%
Aubergine Pearl
0%
Bixbite
0%
Bluebird azurite
0%
Blue Lace Agate
0%
Chert
0%
Crazy Lace Agate
0%
Doc Ruby
0%
Earth Beetle
0%
Eyeball Ruby
0%
Flint
0%
Heaven Beetle
0%
Hippie Rose Quartz
0%
Lace Amethyst
0%
Leggy Ruby
0%
Lemon Jade
0%
Mega Pearl
0%
Mega Ruby
0%
Navy Ruby
0%
Ocean Jasper
0%
Orange Spodumene
0%
Pebbles
0%
Shy Rose Quartz
0%
Superfan Rose Quartz
0%
Watermelon Tourmaline
0%

Distribution des résultats

Percentile par nombre de réponses

% des personnes avec chaque résultat

Votre développement - résultats

Vous n’avez pas pris ce quiz